Normal view
MARC view
- Paris, Ibrar
Entry Personal Name
001 - CONTROL NUMBER
- control field: 16257
003 - CONTROL NUMBER IDENTIFIER
- control field: NUST
005 - DATE AND TIME OF LATEST TRANSACTION
- control field: 20190702050916.0
008 - FIXED-LENGTH DATA ELEMENTS
- fixed length control field: 190702|| aca||aabn | a|a d
040 ## - CATALOGING SOURCE
- Original cataloging agency: NUST
- Transcribing agency: NUST
100 ## - HEADING--PERSONAL NAME
- Personal name: Paris, Ibrar
670 ## - SOURCE DATA FOUND
- Source citation: Work cat.: (NUST): Paris, Ibrar, Lami Chup Ty Main /, n.d.
